000 00710nam a2200229 a 4500
999 _c11317
_d11317
001 11317
003 BD-JhCC
005 20220825134022.0
008 190625s 2016bg |||| ||a| 000 0 ben d
020 _a9789844320994
035 _a(BD-JhCC)11317
040 _aBD-JhCC
_dBD-JhCC
041 _aben
082 _a891.443
_bGHA 2016
100 _aঘাটী, রতনতনু
245 _aপাঁচটি সেরা কিশোর উপন্যাস /
_cরতনতনু ঘাটী ।
260 _aঢাকা:
_bঅনন্যা;
_c২০১৬.
300 _a১৫৯ পৃ. :
_c২২ সেমি.
650 _aBengali Novel
942 _2ddc
_cBK
_01